GATS implicators for tourism : the general agreement on trade in services and tourism
Αποθηκεύτηκε σε:
| Συλλογικό Έργο: | , |
|---|---|
| Μορφή: | Βιβλίο |
| Γλώσσα: | English |
| Δημοσίευση: |
Madrid :
World Tourism Organization, 1995,
|
| Θέματα: | |
| Ετικέτες: |
Προσθήκη ετικέτας
Δεν υπάρχουν, Καταχωρήστε ετικέτα πρώτοι!
|
MARC
| LEADER | 00000cam a2200000 i 4500 | ||
|---|---|---|---|
| 001 | 1/71130 | ||
| 008 | 050204s1995 eng d | ||
| 020 | |a 92-844-0146-1 | ||
| 035 | |l 10076438 | ||
| 040 | |a GR-MY-UA |b gre |e aacr | ||
| 041 | 0 | |a eng | |
| 082 | 0 | |a 338.4791 |2 (21) | |
| 110 | 2 | |a General Agreement on Trade in Services (1994) | |
| 245 | 1 | 0 | |a GATS implicators for tourism : |b the general agreement on trade in services and tourism / |c WTO seminar & conference proceedings, Palazzo ai Giureconsulti, Milan, Italy, 2-3 December 1994 ; World Tourism Organization |
| 246 | 3 | 4 | |a Seminar on GATS implications for tourism |b ; Milan, Italy, 2-3 December 1994 |
| 260 | |a Madrid : |b World Tourism Organization, |b 1995, | ||
| 300 | |a vii, 209 σ.; |b εικ.; |c 29 εκ. | ||
| 650 | 0 | 0 | |a Tourism |x Congresses. |
| 710 | 2 | |a World Tourism Organization. | |
| 852 | |a INST |b CHIOS |e 20050204 |h 338.4791 GEN |p 005200022351 |q 005200022351 |t BK |y 0 | ||
| 901 | |a BIBL2-2005-1 | ||
| 909 | |a Χ |b 112578 | ||
| 970 | |a ΧΑΖΙΡΗ |b ΑΝΝΑ |z 2005/02/04 | ||